02370nam a2200337 i 4500003000900000005001700009007000300026008004100029020001800070040003000088082001800118100003700136245004600173264004900219300002800268336002700296337003300323338002800356500002600384520084100410521002601251590002701277910001401304942001401318952013501332952014001467952014001607952013401747952013401881999001702015DO-SdBNP20250529143749.0ta250529b2024 dr ||||| |||| 00| 0 spa d a9789945649314 aDO-SdBNPbspacBNPHUerda axxxbH5622221 aHerots, Johneautor4aut.98758110aManifiesta tu perra divina /cJohn Herots aSanto Domingo :bImpreso Printbarato,c2024. a201 páginas ;c22 cm. atextobtxt2rdacontent asin mediaciónbn2rdamedia avolumenbnc2rdacarrier aLibro en pasta dura.  aEsta obra esencial ofrece una guía paso a paso hacia la transformación personal. Basado en una investigación exhaustiva y experiencias reales, el libro proporciona herramientas prácticas para que las mujeres exploren su sexualidad de manera íntima y significativa. Cada página ofrece una invitación a un viaje de descubrimiento personal, revelando secretos sobre la anatomía, la salud sexual y el poder del deseo femenino. Similar a cómo una novela puede desdibujar la línea entre la verdad y la ficción, este libro desafía las convenciones sociales y abre nuevas perspectivas sobre la sexualidad. Las lectoras encontrarán no solo conocimiento, sino también la promesa de una transformación íntima y poderosa. Es el momento de dejar atrás el silencio y reclamar una vida sexual plena y satisfactoria. aFormación adultos.  aInventariado, 2025/ YL aYLockward 2ddccLBS1 00102ddc51708PDaBNPHUbBNPHUcCTd2025-04-08eDepósito Legall0oBNPHU PD xxx H562p2025-3833r2025-04-30w2025-04-30yLBS1 00102ddc51708PDaBNPHUbBNPHUcCTd2025-04-08eDepósito Legall0oBNPHU PD xxx H562p2025-3834r2025-04-30te.2w2025-04-30yLBS1 00102ddc56708DSaBNPHUbBNPHUcCTd2025-04-08eDepósito Legall0oBNPHU DS xxx H562p2025-3835r2025-04-30te.3w2025-04-30yLBS1 00102ddc56708DSaBNPHUbBNPHUcCTd2025-04-01eDonaciónl0oBNPHU DS xxx H562p2025-4198r2025-05-13te.4w2025-05-13yLBS1 00102ddc56708DSaBNPHUbBNPHUcCTd2025-04-01eDonaciónl0oBNPHU DS xxx H562p2025-4199r2025-05-13te.5w2025-05-13yLBS1 c58867d58867